000 00366 a2200145 4500
005 20250701102636.0
020 _a978-0-19-954145-4
082 _a519.503 UPT.
100 _aUPTON, G.
245 _aDictionary Of Statistics,
250 _a4th Ed.
260 _aNew York,
_bOxford University Press,
_c2008.
300 _a451p.; Ill.; picture,
_c19cm.
942 _2ddc
_cBKS
999 _c6507
_d6507